1541 1705 1307 1194 1587 1206 1638 1198 1078 1468 1028 1861 1963 1490 1246 1189 1515 1258 1819 1984 1765 1180 1280 1855 1122 1975 1173 1752 1896 1244 1268 1929 1329 1606 1639 1553 1779 1806 1111 1418 1983 1385 1227 1292 1379 1264 1971 1431 1380 1447 1626 1423 1734 1463 1889 1079 1273 1028 1602 1624 1857 1628 1081 1126 1095 1481 1575 1125 1132 1154 1469 1893 1699 1242 1241 1281 1754 1925 1969 1296 1625 1785 1681 1508 1498 1835 1897 1708 1649 1896 1816 1988 1086 1404 1963 1119 1479 1787 1815 BCNSPRNW ULIB Ver.6.0+V

เปลี่ยนเป็นภาษาไทย

Change to English
 แสดงรายละเอียดบรรณานุกรม
  กลับหน้าหลัก

Brief Record : Get Marc (ISO 2709) : E-mail record : QR code < ปิดหน้าต่าง
LEADER : 00000nam 2200000uu 4500
001    13399121207
003     ULIB
008    020711sมปป. th a 000 0 tha d
050  4 PN4129^bป231ผ
100    ประชา ฉายเพ็ชร์
245    ผงชูรสการพูด เล่ม 2/^cประชา ฉายเพ็ชร์
260     ^bม.ป.ท.,^cม.ป.ป.
650    การพูด
945    ^p0^l0^i16092
945    ^p0^l0^i16091
999    ^aกัณชพร
รายการนี้ยังไม่มีแท็ก
คุณยังไม่ได้ล็อกอิน คุณสามารถมีกิจกรรมร่วมกับเว็บไซต์ได้ แต่ต้องล็อกอินก่อน ::
  ล็อกอิน

รายการสื่อสารสนเทศ

ลำดับที่ ประเภท เลขเรียก/บาร์โค้ด สถานที่ สถานะ
1. วิทยาศาสตร์การแพทย์ และสุขภาพ
วิทยาศาสตร์การแพทย์ และสุขภาพ
PN4129 ป231ผ  
  Barcode: 16092
ห้องสมุดวิทยาเขตสวรรค์ประชารักษ์
►หนังสือทั่วไป
บนชั้น
2. วิทยาศาสตร์การแพทย์ และสุขภาพ
วิทยาศาสตร์การแพทย์ และสุขภาพ
PN4129 ป231ผ ฉ.2 
  Barcode: 16091
ห้องสมุดวิทยาเขตสวรรค์ประชารักษ์
►หนังสือทั่วไป
บนชั้น

รายการใกล้เคียง
    ผู้แต่ง [ประชา ฉายเพ็ชร์]

    หัวเรื่อง [การพูด]

BibComment


ยังไม่เคยถูกคอมเมนท์

คอมเมนท์ทรัพยากรรายการนี้
  คอมเมนท์: ผงชูรสการพูด เล่ม..


 Copyright 2026. Bcnsprnw @Library